List all Major Indo-Iranian Languages - Statistics

General Stats
  • This quiz has been taken 663 times
    429 since last reset
  • The average score is 20 of 51
Answer Stats
Native Speakers Language % Correct
52 million Persian
95%
341 million Hindi
94%
68 million Urdu
86%
228 million Bengali
84%
32 million Eastern Punjabi
83%
92 million Western Punjabi
83%
20 million Pashto
82%
56 million Gujarati
75%
83 million Marathi
71%
15 million Nepali
71%
14 million Kurdish
70%
5 million Tajik
67%
24 million Sindhi
60%
6 milion Baluchi
59%
15 million Assamese
55%
15 million Sinhala
55%
34 million Odia
54%
20.5 million Dari
52%
7 million Kashmiri
52%
52 million Bhojpuri
46%
33 million Maithili
44%
50 million Rajasthani
38%
600k Ossetian
36%
2.3 million Konkani
34%
16 million Chhattisgarhi
29%
340k Dhivehi
27%
5 million Dogri
25%
4.3 million Awadhi
24%
20 million Saraiki
24%
13 million Chittagonian
23%
20 million Magahi
23%
8 million Haryanvi
21%
3.2 million Bhili
20%
3.5 million Romani
20%
5 million Hindko
19%
10 million Sylheti
19%
15 million Rangpuri
16%
2.6 million Bagheli
15%
5.6 million Bundeli
15%
2.5 million Garhwali
13%
644k Shina
13%
130k Kafiri
12%
290k Khowar
12%
200k Kohistani
12%
400k Pashayi
12%
1.9 million Tharu
12%
1.6 million Braj Bhasha
11%
2 million Kumaoni
11%
1.8 million Khandeshi
10%
766k Halbi
9%
5.1 million Sadri
2%
No matching quizzes found
Score Distribution
Percent of People with Each Score
Percentile by Number Answered
Your Score History
You have not taken this quiz since the last reset